[Event "Lyon op"]
[Site "Lyon"]
[Date "2005.04.20"]
[Round "6"]
[White "Tourette, Yvan"]
[Black "Ivanov, TG."]
[Result "0-1"]
[WhiteElo "1770"]
[BlackElo "1960"]
[PlyCount "32"]
[EventDate "2005.04.16"]
[EventType "swiss"]
[EventRounds "9"]
[EventCountry "FRA"]
[SourceTitle "CBM 105 Extra"]
[Source "ChessBase"]
[SourceDate "2005.05.01"]
[SourceVersion "1"]
[SourceVersionDate "2005.05.01"]
[SourceQuality "1"]

1. d4 c5 2. d5 f5 3. Nc3 Nf6 4. d6 exd6 5. Bf4 Qb6 6. e3 a6 7. Nge2 Be7 8. Qd3 0-0 9. Ng3 g6 10. Be2 Nc6 11. Bxd6 Bxd6 12. Qxd6 Qxb2 13. Bc4+ Kg7 14. 0-0 Qxc3 15. Bb3 Qe5 16. Qd3 d5 0-1